| 000 | 00940nam a2200301 i 4500 | ||
|---|---|---|---|
| 999 |
_c200438058 _d56270 |
||
| 001 | 200438058 | ||
| 003 | TR-AnTOB | ||
| 005 | 20200408103517.0 | ||
| 007 | ta | ||
| 008 | 200408s2004 xxuag 001 0 tur d | ||
| 020 | _a9513917967 | ||
| 020 | _a9513917959 (pdf) | ||
| 040 |
_aTR-AnTOB _beng _erda _cTR-AnTOB |
||
| 041 | 0 | _aeng | |
| 050 | 1 | 4 |
_aML74 _b.E347 2008 |
| 090 |
_aML74 _b.E347 2008 |
||
| 100 | 1 |
_aEerola, Tuomas _eauthor _9127659 |
|
| 245 | 1 | 0 |
_aMIDI toolbox: _bMATLAB tools for music research / _cTuomas Eerola, Petri Toiviainen. |
| 264 | 1 |
_aKopijyva, Jyväskylä Finland : _bUniversity of Jyvaskyla, _c2004. |
|
| 300 |
_a96 pages : _billustrations ; _c25 cm |
||
| 336 |
_2rdacontent _atext _btxt |
||
| 337 |
_2rdamedia _aunmediated _bn |
||
| 338 |
_2rdacarrier _avolume _bnc |
||
| 650 | 0 |
_aMusic _xComputer programs _9127663 |
|
| 700 | 1 |
_aToiviainen, Petri _eauthor _9127660 |
|
| 942 |
_2lcc _cBK |
||